FASHION BRANDING AND CONSUMER BEHAVIORS (Record no. 23971)

MARC details
000 -LEADER
fixed length control field 00334nam a2200133Ia 4500
008 - FIXED-LENGTH DATA ELEMENTS--GENERAL INFORMATION
fixed length control field 240624s9999 xx 000 0 und d
041 ## - LANGUAGE CODE
Language code of text/sound track or separate title eng
082 ## - DEWEY DECIMAL CLASSIFICATION NUMBER
Classification number 658.827 CHO
100 ## - MAIN ENTRY--PERSONAL NAME
Personal name CHOI TSAN MING
245 ## - TITLE STATEMENT
Title FASHION BRANDING AND CONSUMER BEHAVIORS
260 ## - PUBLICATION, DISTRIBUTION, ETC.
Date of publication, distribution, etc. 2014
Place of publication, distribution, etc. New Delhi
Name of publisher, distributor, etc. Springer
300 ## - PHYSICAL DESCRIPTION
Extent 151 : p.
365 ## - TRADE PRICE
Currency code ERU
Price amount 28
Holdings
Withdrawn status Lost status Damaged status Not for loan Home library Current library Shelving location Date acquired Source of acquisition Cost, normal purchase price Full call number Barcode Date last seen Copy number Price effective from Koha item type
        IMTN IMTN Rack 37-A 01/06/2015 MB 99.99 658.827 CHO 23971 06/24/2024 81.5 06/24/2024 Books
Designed & Maintained by: LRC IMT Nagpur Contact: lrc@imtnag.ac.in© 2024. All Rights Reserved.